00727nam a2200229Ia 4500003000900000008004100009040001300050040001300063041000800076100001800084245008800102250001000190260001200200260000900212300001100221300001000232490000600242600002900248942000700277999001700284952019600301IT-RoPAU120407s9999 xx 000 0 und d aIT-RoPAU cIT-RoPAU aita aEmmanuel Kant aLa religione entro i limiti della sola ragione. Introd. trad. e note di A. Poggi aParma aGuanda  c1967 a308 p. c21 cm v1 a1. Religione e ragione. cBK c32121d32121 00102ddc406193_60000000000000071aPAULUSbPAULUSd2012-04-11l0o193.6r2012-04-11 00:00:00w2012-04-11yBKzInserito da: LUCIA In data: 07 ottobre 2011 fondo: Via A.Severo 56 Progr:21224